Les 10 Capitales les plus proches de Vladivostok - Statistiques

Statistiques générales
  • Ce quiz a été pris 46 fois
  • Le résultat moyen est 8 sur 10
Statistiques - réponses
Réponse % Correct
Pékin
98%
Pyongyang
98%
Séoul
98%
Tokyo
98%
Taipei
90%
Oulan-Bator
88%
Hanoï
86%
Manille
83%
Vientiane
76%
Ngerulmud
21%
Aucun quiz correspondant
Distribution des résultats
% des personnes avec chaque résultat
Percentile par nombre de réponses
Votre historique - résultats
Vous n’avez pas pris ce quiz